Statistics for Grundämnena

Click here to take the quiz!

General Stats

  • This quiz has been taken 2 827 times
    (1 766 since last reset)
  • The average score is 36 of 118

Answer Stats

NrTeckenÄmne% Correct
1HVäte
92%
79AuGuld
90%
8OSyre
90%
2HeHelium
89%
47AgSilver
89%
6CKol
86%
26FeJärn
74%
7NKväve
73%
29CuKoppar
71%
11NaNatrium
69%
3LiLitium
66%
10NeNeon
66%
13AlAluminium
63%
17ClKlor
61%
12MgMagnesium
61%
92UUran
59%
5BBor
58%
20CaKalcium
58%
19KKalium
57%
16SSvavel
55%
18ArArgon
53%
30ZnZink
53%
80HgKvicksilver
51%
15PFosfor
50%
9FFluor
48%
4BeBeryllium
46%
82PbBly
46%
50SnTenn
44%
53IJod
43%
86RnRadon
43%
28NiNickel
42%
54XeXenon
40%
35BrBrom
39%
14SiKisel
39%
22TiTitan
39%
24CrKrom
38%
25MnMangan
37%
99EsEinsteinium
36%
27CoKobolt
36%
88RaRadium
36%
78PtPlatina
35%
94PuPlutonium
33%
33AsArsenik
32%
56BaBarium
32%
36KrKrypton
31%
55CsCesium
29%
32GeGermanium
29%
34SeSelen
29%
31GaGallium
28%
21ScSkandium
28%
74WVolfram
28%
39YYttrium
28%
48CdKadmium
26%
38SrStrontium
25%
23VVanadin
25%
87FrFrancium
23%
46PdPalladium
22%
42MoMolybden
21%
37RbRubidium
21%
95AmAmericium
20%
77IrIridium
20%
41NbNiob
20%
81TlTallium
20%
98CfCalifornium
19%
96CmCurium
19%
49InIndium
19%
102NoNobelium
19%
84PoPolonium
19%
70YbYtterbium
19%
85AtAstat
18%
63EuEuropium
18%
72HfHafnium
18%
93NpNeptunium
18%
45RhRodium
17%
52TeTellur
17%
90ThTorium
17%
83BiVismut
17%
40ZrZirkonium
17%
57LaLantan
16%
76OsOsmium
16%
68ErErbium
15%
118OgOganesson
15%
104RfRutherfordium
15%
73TaTantal
15%
43TcTeknetium
15%
51SbAntimon
14%
58CeCerium
14%
75ReRhenium
14%
111RgRöntgenium
14%
117TsTenness
14%
89AcAktinium
13%
108HsHassium
13%
44RuRutenium
13%
103LrLawrencium
12%
65TbTerbium
12%
112CnCopernicium
11%
110DsDarmstadtium
11%
100FmFermium
11%
67HoHolmium
11%
60NdNeodym
11%
97BkBerkelium
10%
107BhBohrium
10%
105DbDubnium
10%
64GdGadolinium
10%
116LvLivermorium
10%
109MtMeitnerium
10%
101MdMendelevium
10%
113NhNihonium
10%
59PrPraseodym
10%
61PmPrometium
10%
69TmTulium
10%
66DyDysprosium
9%
114FlFlerovium
9%
71LuLutetium
9%
115McMoscovium
9%
62SmSamarium
9%
106SgSeaborgium
9%
91PaProtaktinium
8%

Score Distribution

Percentile by Number Answered

Percent of People with Each Score

Your Score History

You have not taken this quiz since the last reset